skbl

Dr Suryya Kumar Bhuyan Library Web-OPAC
ডঃ সূৰ্য্য
কুমাৰ ভূঞা পুথিভঁৰাল ৱেব-অ'পেক

All Research Scholars are advised to clear the annual library fees to continue using Library Resources, Remote Access, Plagiarism Test and Library Clearance.

Cotton University Book Fair 2026

History of the Arabs / (Record no. 10603)

MARC details
000 -LEADER
fixed length control field 00496nam a2200193Ia 4500
001 - CONTROL NUMBER
control field 10616
008 - FIXED-LENGTH DATA ELEMENTS--GENERAL INFORMATION
fixed length control field 080101s1963 ii a g b000 u 465 u
082 ## - DEWEY DECIMAL CLASSIFICATION NUMBER
Classification number 953
100 ## - MAIN ENTRY--PERSONAL NAME
Personal name Hitti, P.K. .
245 #0 - TITLE STATEMENT
Title History of the Arabs /
Statement of responsibility, etc. P.K. Hitti.
Medium Textual Documents
250 ## - EDITION STATEMENT
Edition statement 8th ed /
260 ## - PUBLICATION, DISTRIBUTION, ETC.
Place of publication, distribution, etc. London :
Name of publisher, distributor, etc. Macmillan and Co ,
Date of publication, distribution, etc. 1963.
300 ## - PHYSICAL DESCRIPTION
Extent xxiii, 822p. :
Other physical details ill. ;
Dimensions 22cm. .
504 ## - BIBLIOGRAPHY, ETC. NOTE
Bibliography, etc. note Index
653 ## - INDEX TERM--UNCONTROLLED
Uncontrolled term History-Arabs
653 ## - INDEX TERM--UNCONTROLLED
Uncontrolled term Arabs
653 ## - INDEX TERM--UNCONTROLLED
Uncontrolled term G-History
942 ## - ADDED ENTRY ELEMENTS (KOHA)
Source of classification or shelving scheme Dewey Decimal Classification
Koha item type Books
Holdings
Withdrawn status Lost status Damaged status Not for loan Collection Home library Current library Shelving location Date acquired Coded location qualifier Total checkouts Full call number Barcode Date last seen Copy number Price effective from Koha item type
          Dr. Suryya Kumar Bhuyan Library Dr. Suryya Kumar Bhuyan Library   01/02/2012 00000   953 H 638 H 57172 13/01/2024 2 01/02/2012 Books
          Dr. Suryya Kumar Bhuyan Library Dr. Suryya Kumar Bhuyan Library   01/02/2012 00000   953 H 638 H 463/Isl 13/01/2024 5 01/02/2012 Books
          Dr. Suryya Kumar Bhuyan Library Dr. Suryya Kumar Bhuyan Library   01/02/2012 00000   953 H 638 H 52249 13/01/2024 3 01/02/2012 Books
          Dr. Suryya Kumar Bhuyan Library Dr. Suryya Kumar Bhuyan Library   01/02/2012 00000   953 H 638 H 52251 13/01/2024 1 01/02/2012 Books
          Dr. Suryya Kumar Bhuyan Library Dr. Suryya Kumar Bhuyan Library   01/02/2012 00000   953 H 638 H 52252 13/01/2024 4 01/02/2012 Books

Designed and Maintained by Team SKBL
©1901-2026

Powered by Koha